00678nam a2200193 a 450000100060000000300090000600800410001502000180005604000280007408200180010224500890012025000120020926000460022130000200026749000490028750000400033665000490037665000590042526227CO-ViMGA141112s2004 ck r 000 u spa d a9786077070368 aCO-ViMGAbspacCO-ViMGA04aMEVIGAPOR A3510aAdministracion avanzada de sistemas informaticos / cJulio Gómez López... et al. a1a. ed. aMéxico : bAlfaomega, cRa - Ma, c2010 a388 p. , 23 cm. aComputacion. Analisis y diseño de sistemas aIncluye indice y material adicional14aAdministración de sistemas informáticos.14aSistemas informáticos - - Diseño y construcción